[Event "Berlin-ch Seniors op 34th"]
[Site "Berlin"]
[Date "2018.02.08"]
[Round "9"]
[White "Stock, Joachim"]
[Black "Kothe, Manfred"]
[Result "1/2-1/2"]
[WhiteElo "1575"]
[BlackElo "1826"]
[PlyCount "22"]
[EventDate "2018.01.30"]
[EventType "swiss"]
[EventRounds "9"]
[EventCountry "GER"]
[SourceTitle "EXT 2020"]
[Source "ChessBase"]
[SourceDate "2019.10.17"]
[SourceVersion "1"]
[SourceVersionDate "2019.10.17"]
[SourceQuality "1"]

1. e4 c5 2. Nf3 Nc6 3. Bc4 e6 4. 0-0 Be7 5. c3 d5 6. exd5 exd5 7. Bb5 Bg4 8. h3 Bh5 9. Qa4 Kf8 10. Bxc6 bxc6 11. Ne5 Bd6 1/2-1/2

[Event "Berlin-ch Seniors op 34th"]
[Site "Berlin"]
[Date "2018.02.06"]
[Round "7"]
[White "Hirr, Rudi"]
[Black "Kothe, Manfred"]
[Result "1/2-1/2"]
[WhiteElo "1745"]
[BlackElo "1826"]
[PlyCount "45"]
[EventDate "2018.01.30"]
[EventType "swiss"]
[EventRounds "9"]
[EventCountry "GER"]
[SourceTitle "EXT 2020"]
[Source "ChessBase"]
[SourceDate "2019.10.17"]
[SourceVersion "1"]
[SourceVersionDate "2019.10.17"]
[SourceQuality "1"]

1. Nf3 Nf6 2. d4 g6 3. c4 Bg7 4. Nc3 0-0 5. e4 d6 6. Be2 e5 7. dxe5 dxe5 8. Qxd8 Rxd8 9. Nxe5 Nxe4 10. Nxe4 Bxe5 11. 0-0 Re8 12. Bf3 Nc6 13. Re1 Bf5 14. Rb1 Nd4 15. a3 Nxf3+ 16. gxf3 a5 17. b3 Kg7 18. Bb2 Re7 19. Bxe5+ Rxe5 20. Rbd1 Rae8 21. Rd5 b6 22. Rxe5 Rxe5 23. Re3 1/2-1/2

[Event "Berlin-ch Seniors op 33rd"]
[Site "Berlin"]
[Date "2017.01.31"]
[Round "1"]
[White "Kothe, Manfred"]
[Black "Koeckeritz, Dieter"]
[Result "1/2-1/2"]
[WhiteElo "1913"]
[BlackElo "1647"]
[PlyCount "50"]
[EventDate "2017.01.31"]
[EventType "swiss"]
[EventRounds "9"]
[EventCountry "GER"]
[SourceTitle "EXT 2019"]
[Source "ChessBase"]
[SourceDate "2018.10.10"]
[SourceVersion "1"]
[SourceVersionDate "2018.10.10"]
[SourceQuality "1"]

1. e4 c5 2. Nf3 e6 3. d4 cxd4 4. Nxd4 a6 5. c4 Qc7 6. Nc3 Be7 7. Bd3 Nf6 8. 0-0 d6 9. Kh1 Nc6 10. Nxc6 bxc6 11. f4 e5 12. f5 Bb7 13. Qf3 h5 14. Be3 Ng4 15. Rac1 Qd8 16. Rc2 Bh4 17. g3 Bf6 18. Kg2 Nxe3+ 19. Qxe3 h4 20. g4 Bg5 21. Qf3 h3+ 22. Kh1 Qc7 23. Rd1 0-0-0 24. Qf2 Kb8 25. Be2 Qa5 1/2-1/2

[Event "Hessen-ch Seniors op 12th"]
[Site "Bad Sooden-Allendorf"]
[Date "2016.04.30"]
[Round "1"]
[White "Kothe, Manfred"]
[Black "Schruefer, Johann"]
[Result "1/2-1/2"]
[WhiteElo "1935"]
[BlackElo "1521"]
[PlyCount "33"]
[EventDate "2016.04.30"]
[EventType "swiss"]
[EventRounds "9"]
[EventCountry "GER"]
[SourceTitle "EXT 2019"]
[Source "ChessBase"]
[SourceDate "2018.10.10"]
[SourceVersion "1"]
[SourceVersionDate "2018.10.10"]
[SourceQuality "1"]

1. e4 c5 2. Nc3 e6 3. Nf3 Nc6 4. d4 cxd4 5. Nxd4 Be7 6. Be3 Nf6 7. f3 a6 8. Qd2 d5 9. 0-0-0 dxe4 10. Qf2 Qc7 11. Nxe4 Nd5 12. Kb1 Nxe3 13. Qxe3 Nb4 14. h4 e5 15. Qc3 Qxc3 16. bxc3 Nd5 17. Ne2 1/2-1/2

[Event "Miedzyzdroje OB Seniors 23rd"]
[Site "Miedzyzdroje"]
[Date "2015.06.21"]
[Round "5"]
[White "Funke, Hermann"]
[Black "Kothe, Manfred"]
[Result "1/2-1/2"]
[WhiteElo "1705"]
[BlackElo "1977"]
[PlyCount "61"]
[EventDate "2015.06.17"]
[EventType "swiss"]
[EventRounds "8"]
[EventCountry "POL"]
[SourceTitle "EXT 2018"]
[Source "ChessBase"]
[SourceDate "2017.10.13"]
[SourceVersion "1"]
[SourceVersionDate "2017.10.13"]
[SourceQuality "1"]

1. e4 c5 2. Nf3 e6 3. d4 cxd4 4. Nxd4 a6 5. Nc3 Nc6 6. Be3 Bb4 7. Nxc6 bxc6 8. Qd4 Bf8 9. Bc4 Rb8 10. Bb3 Qf6 11. a3 Qxd4 12. Bxd4 c5 13. Be3 Nf6 14. 0-0-0 Ng4 15. Rde1 Be7 16. f4 Nxe3 17. Rxe3 0-0 18. h4 Bb7 19. g4 Bf6 20. g5 Bxc3 21. bxc3 d5 22. exd5 exd5 23. Rhe1 Bc6 24. c4 d4 25. Re5 Rfe8 26. Rxe8+ Rxe8 27. Rxe8+ Bxe8 28. Kd2 Bd7 29. c3 dxc3+ 30. Kxc3 f6 31. Bd1 1/2-1/2

[Event "Berlin-ch Seniors op 31st"]
[Site "Berlin"]
[Date "2015.02.05"]
[Round "7"]
[White "Kothe, Manfred"]
[Black "Prix, Siegfried"]
[Result "1/2-1/2"]
[WhiteElo "1836"]
[BlackElo "1652"]
[PlyCount "188"]
[EventDate "2015.01.29"]
[EventType "swiss"]
[EventRounds "9"]
[EventCountry "GER"]
[SourceTitle "EXT 2018"]
[Source "ChessBase"]
[SourceDate "2017.10.13"]
[SourceVersion "1"]
[SourceVersionDate "2017.10.13"]
[SourceQuality "1"]

1. e4 Nf6 2. Nc3 d5 3. exd5 Nxd5 4. Qf3 e6 5. Bc4 c6 6. Nge2 Be7 7. d4 Bf6 8. Ne4 Nd7 9. Nd6+ Kf8 10. 0-0 N7b6 11. Bf4 Nxf4 12. Qxf4 Qc7 13. Bb3 Nd5 14. Qg3 b6 15. c4 Ba6 16. Rfd1 Rd8 17. Ne4 Qxg3 18. N2xg3 Nf4 19. Nxf6 gxf6 20. Rd2 Rg8 21. f3 h5 22. Rad1 h4 23. Nf1 Bb7 24. Ne3 Rg5 25. Kf2 Ke7 26. Bc2 Rdg8 27. Kf1 Ba6 28. b3 b5 29. Bd3 Nxd3 30. Rxd3 bxc4 31. bxc4 Rxg2 32. Nxg2 Bxc4 33. Kf2 Bxd3 34. Rxd3 Rb8 35. Rd2 a5 36. Nxh4 a4 37. Ng2 a3 38. Ne3 Rb2 39. Ke2 Rb1 40. Nc4 Rh1 41. Ke3 f5 42. Nxa3 Re1+ 43. Kd3 Rf1 44. Ke3 Re1+ 45. Kf2 Rh1 46. Kg2 Re1 47. Nc4 f6 48. Kg3 Rg1+ 49. Kf4 Rc1 50. Ne3 Re1 51. Nc2 Rg1 52. a4 Kd6 53. Nb4 Rb1 54. Na2 Kc7 55. h4 Rh1 56. Kg3 Rb1 57. h5 Rb8 58. Kh4 Rh8 59. Rb2 Kd6 60. Nc3 e5 61. dxe5+ fxe5 62. a5 Kc5 63. Kg5 Kd4 64. Nd1 e4 65. fxe4 fxe4 66. a6 e3 67. Nxe3 Kxe3 68. a7 Ra8 69. Ra2 c5 70. h6 c4 71. h7 c3 72. Kg6 Kd3 73. Rh2 c2 74. h8Q Rxh8 75. Rxh8 c1Q 76. a8Q Qg1+ 77. Kf6 Qf2+ 78. Ke6 Qb6+ 79. Kd7 Qd4+ 80. Kc7 Qe5+ 81. Kb7 Qg7+ 82. Kb6 Qd4+ 83. Kc6 Qf6+ 84. Kd7 Qd4+ 85. Ke6 Qg4+ 86. Kf6 Qf4+ 87. Ke6 Qg4+ 88. Kd6 Qb4+ 89. Ke5 Qd4+ 90. Kf5 Qd7+ 91. Kf4 Qd4+ 92. Kg3 Qe5+ 93. Kg2 Qe2+ 94. Kg1 Qe3+ 1/2-1/2

[Event "Berlin-ch Seniors op 30th"]
[Site "Berlin"]
[Date "2014.02.04"]
[Round "6"]
[White "Welz, Peter"]
[Black "Kothe, Manfred"]
[Result "1-0"]
[WhiteElo "2025"]
[BlackElo "1856"]
[PlyCount "21"]
[EventDate "2014.01.30"]
[EventType "swiss"]
[EventRounds "9"]
[EventCountry "GER"]
[SourceTitle "EXT 2018"]
[Source "ChessBase"]
[SourceDate "2017.10.13"]
[SourceVersion "1"]
[SourceVersionDate "2017.10.13"]
[SourceQuality "1"]

1. e4 e6 2. d4 d5 3. e5 c5 4. c3 a6 5. Nf3 Nc6 6. Bd3 cxd4 7. cxd4 Nge7 8. Nc3 Qb6 9. 0-0 Nxd4 10. Nxd4 Qxd4 11. Bb5+ 1-0

[Event "Brandenburg-ch Seniors 18th"]
[Site "Rowy"]
[Date "2009.06.24"]
[Round "3"]
[White "Peter, Volkhard"]
[Black "Kothe, Manfred"]
[Result "1/2-1/2"]
[WhiteElo "1648"]
[BlackElo "1840"]
[PlyCount "26"]
[EventDate "2009.06.22"]
[EventType "swiss"]
[EventRounds "9"]
[EventCountry "POL"]
[SourceTitle "EXT 2022"]
[Source "ChessBase"]
[SourceDate "2021.10.06"]
[SourceVersion "1"]
[SourceVersionDate "2021.10.06"]
[SourceQuality "1"]

1. e4 c5 2. d4 cxd4 3. c3 Qa5 4. Nf3 Nc6 5. Nxd4 Nf6 6. f3 e5 7. Nb5 Qd8 8. Nd6+ Bxd6 9. Qxd6 Qe7 10. Qxe7+ Nxe7 11. c4 a6 12. Nc3 0-0 13. Be3 b6 1/2-1/2

[Event "Berlin-ch Seniors op 25th"]
[Site "Berlin"]
[Date "2009.02.15"]
[Round "4"]
[White "Kothe, Manfred"]
[Black "Peter, Volkhard"]
[Result "1-0"]
[WhiteElo "1916"]
[BlackElo "1632"]
[PlyCount "139"]
[EventDate "2009.02.12"]
[EventType "swiss"]
[EventRounds "9"]
[EventCountry "GER"]
[SourceTitle "EXT 2022"]
[Source "ChessBase"]
[SourceDate "2021.10.06"]
[SourceVersion "1"]
[SourceVersionDate "2021.10.06"]
[SourceQuality "1"]

1. e4 e5 2. Nf3 Nc6 3. Bc4 Nf6 4. d3 Be7 5. a3 0-0 6. Nc3 d6 7. h3 a6 8. Bg5 b5 9. Ba2 Bb7 10. Bxf6 Bxf6 11. Nd5 Be7 12. 0-0 Kh8 13. Ne3 Bg5 14. Nh2 Ne7 15. Qg4 Ng6 16. g3 Bc8 17. Nf5 Bh6 18. Qh5 Qg5 19. Qxg5 Bxg5 20. h4 Bd8 21. Ng4 Ne7 22. Nge3 g6 23. Nxe7 Bxe7 24. Kg2 c6 25. Rad1 Ra7 26. c3 f5 27. f3 f4 28. Ng4 Kg7 29. Rh1 h5 30. Nf2 fxg3 31. Kxg3 Rf6 32. Nh3 Bb7 33. Ng5 d5 34. Rhe1 Bd6 35. c4 bxc4 36. dxc4 d4 37. c5 Be7 38. b4 Kh6 39. Nf7+ Kg7 40. Nxe5 a5 41. Bc4 axb4 42. axb4 Ra4 43. Rxd4 Bc8 44. Rb1 Rf8 45. Nxc6 Bxh4+ 46. Kg2 Ra3 47. Rd3 Ra4 48. Bd5 Bg5 49. Nd4 Kf6 50. Nc6 h4 51. e5+ Kf5 52. Rd4 Bb7 53. Be4+ Ke6 54. Rd6+ Kf7 55. Rd7+ Ke8 56. Rxb7 h3+ 57. Kxh3 Rf4 58. Bxg6+ Kf8 59. Be4 Ra3 60. Rb8+ Kg7 61. Re1 Ra2 62. Kg3 Rh4 63. Rb7+ Kh8 64. Ne7 Bxe7 65. Rxe7 Rah2 66. c6 R4h3+ 67. Kf4 Rh4+ 68. Ke3 Rb2 69. Rg1 Rxb4 70. Re8# 1-0